书目信息 |
| 题名: |
外国文论简史
|
|
| 作者: | 刘象愚 主编 | |
| 分册: | ||
| 出版信息: | 北京 北京大学出版社 2005.10 |
|
| 页数: | 541页 | |
| 开本: | 23cm | |
| 丛书名: | 21世纪外国文学系列教材 | |
| 单 册: | ||
| 中图分类: | I109 | |
| 科图分类: | ||
| 主题词: | 文学理论--wen xue li lun--文学史--高等学校--外国--教材 | |
| 电子资源: | ||
| ISBN: | 7-301-08121-9 | |
| 000 | 00910nam 2200241 450 | |
| 001 | 012007225119 | |
| 005 | 20070926112523.51 | |
| 010 | @a7-301-08121-9@dCNY42.00 | |
| 100 | @a20070724d2005 km y0chiy0120 ea | |
| 101 | 0 | @achi |
| 102 | @aCN@b110000 | |
| 105 | @ay z 000yy | |
| 200 | 1 | @a外国文论简史@Awai guo wen lun jian shi@f刘象愚主编@Fliu xiang yu zhu bian |
| 210 | @a北京@c北京大学出版社@d2005.10 | |
| 215 | @a541页@d23cm | |
| 225 | 2 | @a21世纪外国文学系列教材@A21 shi ji wai guo wen xue xi lie jiao cai |
| 330 | @a本书覆盖了古代至当代外国文论的整个发展历史,重点阐述了外国文论发展历程中重要文论家的主要观点,并将中国以外的东方文论收入其中,是国内第一部真正的外国文论史。 | |
| 410 | 0 | @12001 @a21世纪外国文学系列教材 |
| 606 | 0 | @a文学理论@Awen xue li lun@x文学史@x高等学校@y外国@j教材 |
| 690 | @aI109@v4 | |
| 701 | 0 | @a刘象愚@Aliu xiang yu@4主编 |
| 801 | 0 | @aCN@c20070926 |
| 905 | @dI109@eL698 | |
| 外国文论简史/刘象愚主编.-北京:北京大学出版社,2005.10 |
| 541页;23cm.-(21世纪外国文学系列教材) |
| ISBN 7-301-08121-9:CNY42.00 |
| 本书覆盖了古代至当代外国文论的整个发展历史,重点阐述了外国文论发展历程中重要文论家的主要观点,并将中国以外的东方文论收入其中,是国内第一部真正的外国文论史。 |
| ● |
| 相关链接 |
|
|
|
正题名:外国文论简史
索取号:I109/L698
 
预约/预借
| 序号 | 登录号 | 条形码 | 馆藏地/架位号 | 状态 | 备注 |
| 1 | 246880 | 202468800 | 文学库108/108文学库 1排9列2层/ [索取号:I109/L698] | 在馆 | |
| 2 | 246881 | 202468819 | 文学库108/108文学库 1排9列2层/ [索取号:I109/L698] | 在馆 |